000
00277nam a22001217a 4500
008
180928b xxu||||| |||| 00| 0 eng d
041
_a
eng
080
_a
510
100
_a
36
101
_a
MAT
245
_a
Assessment in the mathematics classroom
_c
Webb,N.L
942
_2
udc
_c
BK
999
_c
48683
_d
48683